| 000 | 00562nam a22001577a 4500 | ||
|---|---|---|---|
| 003 | OSt | ||
| 005 | 20150914101521.0 | ||
| 008 | 150914b xxu||||| |||| 00| 0 eng d | ||
| 040 | _cRUA | ||
| 082 | _aAGR SOK 2000 B022 Or.1 | ||
| 100 |
_9436 _aSOK, RACHANA. |
||
| 245 | _aកម្មវិំធី អាយ ភី អឹម លើដំណាំបន្លែក្នុងស្រុកកៀនស្វាយ ( i p m programme on vegetable crops in kiensvay district ) | ||
| 260 |
_aPhnom Penh _bRUA _c2000 |
||
| 300 |
_a76p. _bill. _c29cm. |
||
| 942 |
_2ddc _cAGR |
||
| 999 |
_c414 _d414 |
||